拼音T开头的中国县级行政区County-Level Regions Starts with Pinyin T in China - Statistics

General Stats
  • This quiz has been taken 64 times
  • The average score is 64 of 117
Answer Stats
答案 % Correct
滕州市
90%
通州区(北京市)
90%
通州区(南通市)
90%
泰山区
85%
泰兴市
80%
同江市
80%
泰宁县
78%
洮南市
78%
藤县
76%
铁山区
76%
同安区
76%
桐城市
76%
桐乡市
76%
塔城市
73%
台江区
73%
台江县
73%
天门市
73%
太平区
71%
天河区
71%
铁西区(沈阳市)
71%
铁西区(鞍山市)
71%
铁西区(四平市)
71%
通化县
71%
通江县
71%
铜山区
71%
唐县
68%
桃源县
68%
图们市
68%
塔河县
66%
台山市
66%
天长市
66%
铁东区(鞍山市)
66%
铁东区(四平市)
66%
铁岭县
66%
亭湖区
66%
潼南区
66%
台安县
63%
太湖县
63%
唐河县
63%
天宁区
63%
天台县
63%
铜官区
63%
团风县
63%
洮北区
61%
特克斯县
61%
田东县
61%
铁力市
61%
桐庐县
61%
潼关县
61%
太仓市
59%
太和区
59%
太和县
59%
汤阴县
59%
桃城区
59%
天山区
59%
天心区
59%
铁门关市
59%
通海县
59%
同仁市
59%
台前县
56%
桃山区
56%
通城县
56%
屯昌县
56%
桃江县
54%
通道侗族自治县
54%
铜梁区
54%
托克托县
54%
田林县
51%
田阳区
51%
通山县
51%
太谷区
49%
泰顺县
49%
腾冲市
49%
天桥区
49%
通河县
49%
桐梓县
49%
泰和县
46%
泰来县
46%
通川区
46%
通渭县
46%
桐柏县
46%
屯溪区
46%
郯城县
44%
同德县
44%
头屯河区
44%
太白县
41%
天涯区
41%
天镇县
41%
天祝藏族自治县
41%
铁山港区
41%
铜鼓县
41%
托克逊县
41%
汤原县
39%
天元区
39%
通榆县
39%
突泉县
39%
太康县
37%
汤旺县
37%
天等县
37%
天柱县
37%
同心县
37%
天全县
34%
塔什库尔干塔吉克自治县
32%
天峻县
32%
铁锋区
29%
通许县
29%
图木舒克市
29%
托里县
29%
太子河区
27%
屯留区
27%
宕昌县
24%
田家庵区
24%
土默特右旗
20%
土默特左旗
20%
太仆寺旗
17%
台儿庄区
12%
天峨县
10%
No matching quizzes found
Score Distribution
Percent of People with Each Score
Percentile by Number Answered
Your Score History
You have not taken this quiz